000 00464nam a22001577a 4500
005 20251108172308.0
008 250721s1994 xx 000 0 ara d
082 1 4 _a769.812/عبد
100 1 _aالحداد، عبد الرحمن
245 1 0 _aسلسلة الكاراتيه بين الطفولة و الشباب /
264 1 _aالشارقة :
_bالمؤلف،
_c1994.
300 _a
650 1 7 _aالكاراتيه
942 _2ddc
_cBK
999 _c75443
_d75443